书目信息 |
| 题名: |
中国法院2014年度案例
|
|
| 作者: | ;国家法官学院 编 | |
| 分册: | 6 买卖合同纠纷 | |
| 出版信息: | 北京 中国法制出版社 2014 |
|
| 页数: | 269页 | |
| 开本: | 25cm | |
| 丛书名: | ||
| 单 册: | ||
| 中图分类: | D920.5 , D923.65 | |
| 科图分类: | ||
| 主题词: | 案例--中国--2014--汇编 , 买卖合同--合同纠纷--案例--中国--2014--汇编 , 案例 , 买卖合同 , 合同纠纷 | |
| 电子资源: | ||
| ISBN: | 978-7-5093-5107-9 | |
| 000 | 01129nam0 2200301 450 | |
| 001 | 523 | |
| 005 | 20140908080632.59 | |
| 010 | @a978-7-5093-5107-9@dCNY48.00 | |
| 100 | @a20140625d2014 em y0chiy50 ea | |
| 101 | 0 | @achi |
| 102 | @aCN@b110000 | |
| 105 | @ay z 000yy | |
| 106 | @ar | |
| 200 | 1 | @a中国法院2014年度案例@AZhong Guo Fa Yuan 2014 Nian Du An Li@h6@i买卖合同纠纷@IMai Mai He Tong Jiu Fen@f国家法官学院案例开发研究中心编@FGuo Jia Fa Guan Xue Yuan An Li Kai Fa Yan Jiu Zhong Xin Bian |
| 210 | @a北京@c中国法制出版社@d2014 | |
| 215 | @a269页@d25cm | |
| 304 | @a分册号取自书脊 | |
| 330 | @a本书汇集全国各地法院最新审结的买卖合同纠纷类典型案例,内容涉及标的物质量、合同解除、合同履行瑕疵、合同效力认定、合同欠款、违约责任承担、买卖合同执行等。 | |
| 606 | 0 | @a案例@y中国@z2014@j汇编 |
| 606 | 0 | @a买卖合同@x合同纠纷@x案例@y中国@z2014@j汇编 |
| 606 | 0 | @a案例 |
| 606 | 0 | @a买卖合同 |
| 606 | 0 | @a合同纠纷 |
| 690 | @aD920.5@v5 | |
| 690 | @aD923.65@v5 | |
| 711 | 02 | @a国家法官学院@AGuo Jia Fa Guan Xue Yuan@b案例开发研究中心@4编 |
| 801 | 0 | @aCN@bTANGWEI@c20140603 |
| 905 | @b0840893-95@dD920.5@e1055:6@f3 | |
| 中国法院2014年度案例.6.买卖合同纠纷/国家法官学院案例开发研究中心编.-北京:中国法制出版社,2014 |
| 269页;25cm |
| ISBN 978-7-5093-5107-9:CNY48.00 |
| 本书汇集全国各地法院最新审结的买卖合同纠纷类典型案例,内容涉及标的物质量、合同解除、合同履行瑕疵、合同效力认定、合同欠款、违约责任承担、买卖合同执行等。 |
| ● |
| 相关链接 |
|
|
|
|
正题名:中国法院2014年度案例
索取号:D920.5/1055:6
 
预约/预借
| 序号 | 登录号 | 条形码 | 馆藏地/架位号 | 状态 | 备注 |
| 1 | 0840893 | 208408935 | 第一样本阅览室/ [索取号:D920.5/1055:6] | 在馆 | |
| 2 | 0840894 | 208408944 | 第一借阅区/ [索取号:D920.5/1055:6] | 在馆 | |
| 3 | 0840895 | 208408953 | 密集书库-史法系/ [索取号:D920.5/1055:6] | 在馆 |